Z minulosti Matice slovenskej v Nitre (do r. 1945)

Bibliographic Details
Main Author: Halama, František (Author)
Format: Article
Language:Slovak
PhysicalDescription:Fotogr.
ISSN:0862-8823
Subjects:

MARC

LEADER 00000nab a2200000 a 4500
001 vtls000752659
003 SK-MaSNL
005 20260303174653.0
008 180206c xo 0 slo
015 |a SNBRB2001/03-11891 
035 |a CLN000104447 
040 |a SNKBUCL  |b slo  |c SNKBUCL  |e AACR2 
041 0 |a slo 
044 |a xo  |c SK 
080 |a 061.25(437.6)  |2 UDC-MRF-SK2 
100 1 |a Halama, František  |4 aut  |9 690164 
245 1 0 |a Z minulosti Matice slovenskej v Nitre (do r. 1945)  |c František Halama 
300 |b Fotogr. 
610 2 7 |a Matica slovenská.  |b Miestny odbor Nitra  |2 snkbucl  |9 34721 
655 7 |a články z novín a časopisov  |2 snkbucl  |9 267496 
773 0 |x 0862-8823  |t Slovenské národné noviny  |g Roč. 12 (16), č. 6 (2001), s. 10-11 
850 |a Slovenská národná knižnica v Martine 
852 |a SNK  |b KIS3GCP 
958 |a RBX 
999 |c 2097927  |d 2099857